Vývoj informačnej bezpečnosti v Slovenskej republike – výsledky prieskumu 2006-2015
Bezpečnosť informačných systémov sa vo všeobecnosti zameriava najmä na ochranu informácií, prevenciu a detekciu neautorizovanej činnosti používateľov a počítačov, ale aj ochranu súkromia používateľov.
Enregistré dans:
| Auteur principal: | |
|---|---|
| Format: | Chapitre de livre |
| Langue: | anglais |
| Sujets: | |
| Tags: |
Pas de tags, Soyez le premier à ajouter un tag!
|
MARC
| LEADER | 00000nla a2200000 4500 | ||
|---|---|---|---|
| 001 | 0228217 | ||
| 005 | 20240502073745.9 | ||
| 041 | 0 | |a eng | |
| 044 | |a SK | ||
| 245 | 1 | 0 | |a Vývoj informačnej bezpečnosti v Slovenskej republike – výsledky prieskumu 2006-2015 |c Benita Beláňová |
| 520 | |a Bezpečnosť informačných systémov sa vo všeobecnosti zameriava najmä na ochranu informácií, prevenciu a detekciu neautorizovanej činnosti používateľov a počítačov, ale aj ochranu súkromia používateľov. | ||
| 610 | 2 | 0 | |a bezpečnosť informačná |
| 610 | 2 | 0 | |a prieskum informačný |
| 610 | 2 | 0 | |a systémy znalostné |
| 610 | 2 | 0 | |a technológie informačné |
| 610 | 2 | 0 | |a technológie komunikačné |
| 610 | 2 | 0 | |a Slovensko |
| 100 | 1 | |a Beláňová, Benita, 1973- | |